[Event "English Schools Championship Final 2024"]
[Site "Nottingham University Kings Meadow Campus, United Kingdom"]
[Date "2024.06.27"]
[Round "3.1"]
[White "Zheng, Harry Z"]
[Black "Verma, Shlok"]
[Result "1-0"]
[TimeControl "G50' + 10\" per move."]
[WhiteFideId "460982"]
[BlackFideId "441228"]
[WhiteElo "2200"]
[BlackElo "2264"]

1. e4 {[%clk 00:50:09]} {[%emt 00:00:10]} e6 {[%clk 00:50:04]} {[%emt
00:00:16]} 2. d4 {[%clk 00:50:07]} {[%emt 00:00:12]} d5 {[%clk 00:50:09]}
{[%emt 00:00:05]} 3. Nd2 {[%clk 00:50:06]} {[%emt 00:00:11]} dxe4 {[%clk
00:50:07]} {[%emt 00:00:12]} 4. Nxe4 {[%clk 00:49:57]} {[%emt 00:00:19]} Bd7
{[%clk 00:49:48]} {[%emt 00:00:29]} 5. Nf3 {[%clk 00:49:22]} {[%emt 00:00:44]}
Bc6 {[%clk 00:49:55]} {[%emt 00:00:04]} 6. Bd3 {[%clk 00:48:17]} {[%emt
00:01:15]} Nd7 {[%clk 00:49:59]} {[%emt 00:00:07]} 7. O-O {[%clk 00:46:39]}
{[%emt 00:01:47]} Ngf6 {[%clk 00:50:04]} {[%emt 00:00:04]} 8. Ng3 {[%clk
00:45:00]} {[%emt 00:01:49]} Be7 {[%clk 00:49:27]} {[%emt 00:00:48]} 9. c4
{[%clk 00:44:45]} {[%emt 00:00:24]} O-O {[%clk 00:49:22]} {[%emt 00:00:16]} 10.
b3 {[%clk 00:44:31]} {[%emt 00:00:25]} b6 {[%clk 00:49:12]} {[%emt 00:00:20]}
11. Bb2 {[%clk 00:38:19]} {[%emt 00:06:22]} Bb7 {[%clk 00:48:49]} {[%emt
00:00:33]} 12. Qe2 {[%clk 00:38:11]} {[%emt 00:00:18]} c5 {[%clk 00:46:37]}
{[%emt 00:02:22]} 13. Rad1 {[%clk 00:37:20]} {[%emt 00:01:00]} cxd4 {[%clk
00:43:35]} {[%emt 00:03:13]} 14. Nxd4 {[%clk 00:34:31]} {[%emt 00:02:59]} Bc5
{[%clk 00:42:09]} {[%emt 00:01:35]} 15. Kh1 {[%clk 00:27:40]} {[%emt 00:07:01]}
Qe7 {[%clk 00:38:16]} {[%emt 00:04:02]} 16. Ne4 {[%clk 00:24:54]} {[%emt
00:02:57]} Ba3 {[%clk 00:31:24]} {[%emt 00:07:02]} 17. Ba1 {[%clk 00:23:29]}
{[%emt 00:01:35]} Rfd8 {[%clk 00:18:21]} {[%emt 00:13:12]} 18. Nb5 {[%clk
00:19:18]} {[%emt 00:04:22]} Nxe4 {[%clk 00:16:15]} {[%emt 00:02:16]} 19. Bxe4
{[%clk 00:18:41]} {[%emt 00:00:47]} Bxe4 {[%clk 00:16:08]} {[%emt 00:00:17]} 20.
Qxe4 {[%clk 00:18:22]} {[%emt 00:00:30]} Bc5 {[%clk 00:15:17]} {[%emt
00:01:01]} 21. Nd4 {[%clk 00:12:39]} {[%emt 00:05:52]} Nf6 {[%clk 00:13:24]}
{[%emt 00:02:02]} 22. Qf3 {[%clk 00:12:10]} {[%emt 00:00:41]} Bxd4 {[%clk
00:06:18]} {[%emt 00:07:16]} 23. Bxd4 {[%clk 00:11:49]} {[%emt 00:00:30]} Rac8
{[%clk 00:06:15]} {[%emt 00:00:12]} 24. Be5 {[%clk 00:08:24]} {[%emt 00:03:36]}
Ne8 {[%clk 00:04:57]} {[%emt 00:01:27]} 25. h3 {[%clk 00:07:08]} {[%emt
00:01:26]} f6 {[%clk 00:03:58]} {[%emt 00:01:10]} 26. Bg3 {[%clk 00:06:20]}
{[%emt 00:00:58]} e5 {[%clk 00:03:46]} {[%emt 00:00:23]} 27. Qe4 {[%clk
00:03:09]} {[%emt 00:03:20]} Nd6 {[%clk 00:01:54]} {[%emt 00:02:02]} 28. Qg4
{[%clk 00:02:14]} {[%emt 00:01:05]} f5 {[%clk 00:01:46]} {[%emt 00:00:16]} 29.
Qh4 {[%clk 00:01:42]} {[%emt 00:00:43]} g5 {[%clk 00:00:51]} {[%emt 00:01:05]}
30. Qh5 {[%clk 00:01:03]} {[%emt 00:00:49]} f4 {[%clk 00:00:51]} {[%emt
00:00:11]} 31. Bh2 {[%clk 00:01:12]} Ne4 {[%clk 00:00:55]} {[%emt 00:00:05]} 32.
Qe2 {[%clk 00:00:47]} {[%emt 00:00:36]} Rxd1 {[%clk 00:00:43]} {[%emt
00:00:21]} 33. Qxd1 {[%clk 00:00:53]} {[%emt 00:00:05]} Qc5 {[%clk 00:00:31]}
{[%emt 00:00:20]} 34. Qg4 {[%clk 00:00:13]} {[%emt 00:00:51]} Rd8 {[%clk
00:00:19]} {[%emt 00:00:22]} 35. Bg1 {[%clk 00:00:18]} {[%emt 00:00:05]} Qd6
{[%clk 00:00:23]} {[%emt 00:00:06]} 36. Re1 {[%emt 00:00:26]} Nc5 {[%clk
00:00:13]} {[%emt 00:00:07]} 37. Qxg5+ {[%clk 00:00:20]} {[%emt 00:00:05]} Kf7
{[%clk 00:00:21]} {[%emt 00:00:02]} 38. Rxe5 {[%clk 00:00:13]} {[%emt
00:00:17]} Ne6 {[%clk 00:00:25]} {[%emt 00:00:07]} 39. Rf5+ {[%clk 00:00:19]}
{[%emt 00:00:05]} Ke8 {[%clk 00:00:34]} 40. Qh5+ {[%clk 00:00:15]} {[%emt
00:00:14]} Kd7 {[%clk 00:00:40]} {[%emt 00:00:04]} 41. Rd5 {[%clk 00:00:24]}
1-0

[Event "English Schools Championship Final 2024"]
[Site "Nottingham University Kings Meadow Campus, United Kingdom"]
[Date "2024.06.27"]
[Round "3.2"]
[White "Babu, Rahul"]
[Black "Rebonato Scott, Sebastiano"]
[Result "0-1"]
[TimeControl "G50' + 10\" per move."]
[WhiteFideId "25625136"]
[BlackFideId "480827"]
[WhiteElo "2212"]
[BlackElo "1883"]

1. e4 {[%clk 00:50:16]} {[%emt 00:00:04]} c6 {[%clk 00:50:18]} {[%emt
00:00:03]} 2. d4 {[%clk 00:50:10]} {[%emt 00:00:17]} d5 {[%clk 00:50:27]} 3.
exd5 {[%clk 00:50:16]} {[%emt 00:00:04]} cxd5 {[%clk 00:50:34]} {[%emt
00:00:02]} 4. Bd3 {[%clk 00:50:21]} {[%emt 00:00:06]} Nf6 {[%clk 00:50:30]}
{[%emt 00:00:14]} 5. c3 {[%clk 00:50:25]} {[%emt 00:00:05]} Nc6 {[%clk
00:50:39]} 6. Bf4 {[%clk 00:50:31]} {[%emt 00:00:04]} Bg4 {[%clk 00:50:26]}
{[%emt 00:00:23]} 7. Qb3 {[%clk 00:50:36]} {[%emt 00:00:04]} Qd7 {[%clk
00:50:31]} {[%emt 00:00:06]} 8. Nd2 {[%clk 00:50:42]} {[%emt 00:00:03]} e6
{[%clk 00:50:35]} {[%emt 00:00:06]} 9. Ngf3 {[%clk 00:50:49]} {[%emt 00:00:03]}
Bd6 {[%clk 00:50:40]} {[%emt 00:00:06]} 10. Bxd6 {[%clk 00:50:54]} {[%emt
00:00:05]} Qxd6 {[%clk 00:50:46]} {[%emt 00:00:04]} 11. O-O {[%clk 00:50:59]}
{[%emt 00:00:05]} O-O {[%clk 00:50:50]} {[%emt 00:00:06]} 12. Rae1 {[%clk
00:51:06]} {[%emt 00:00:02]} Bxf3 {[%clk 00:50:54]} {[%emt 00:00:07]} 13. Nxf3
{[%clk 00:51:12]} {[%emt 00:00:04]} Qc7 {[%clk 00:49:04]} {[%emt 00:01:59]} 14.
Qd1 {[%clk 00:50:06]} {[%emt 00:01:16]} Rab8 {[%clk 00:47:00]} {[%emt
00:02:14]} 15. Ne5 {[%clk 00:49:49]} {[%emt 00:00:27]} Nxe5 {[%clk 00:46:46]}
{[%emt 00:00:24]} 16. dxe5 {[%clk 00:49:08]} {[%emt 00:00:51]} Nd7 {[%clk
00:46:46]} {[%emt 00:00:11]} 17. Qh5 {[%clk 00:49:10]} {[%emt 00:00:07]} g6
{[%clk 00:46:12]} {[%emt 00:00:45]} 18. Qg5 {[%clk 00:49:15]} {[%emt 00:00:05]}
Rfe8 {[%clk 00:43:45]} {[%emt 00:02:36]} 19. h4 {[%clk 00:46:44]} {[%emt
00:02:42]} Nf8 {[%clk 00:42:39]} {[%emt 00:01:15]} 20. h5 {[%clk 00:45:54]}
{[%emt 00:01:00]} b5 {[%clk 00:35:02]} {[%emt 00:07:47]} 21. a3 {[%clk
00:45:53]} {[%emt 00:00:12]} a5 {[%clk 00:34:49]} {[%emt 00:00:23]} 22. f4
{[%clk 00:43:14]} {[%emt 00:02:48]} Qe7 {[%clk 00:28:10]} {[%emt 00:06:51]} 23.
Qg4 {[%clk 00:40:26]} {[%emt 00:02:58]} b4 {[%clk 00:25:28]} {[%emt 00:02:52]}
24. cxb4 {[%clk 00:40:05]} {[%emt 00:00:30]} axb4 {[%clk 00:25:33]} {[%emt
00:00:05]} 25. a4 {[%clk 00:40:12]} {[%emt 00:00:02]} Rb7 {[%clk 00:21:35]}
{[%emt 00:04:09]} 26. Kh1 {[%clk 00:39:26]} {[%emt 00:00:55]} b3 {[%clk
00:19:50]} {[%emt 00:01:56]} 27. Re3 {[%clk 00:38:54]} {[%emt 00:00:42]} Rb4
{[%clk 00:19:24]} {[%emt 00:00:36]} 28. Rc1 {[%clk 00:38:39]} {[%emt 00:00:25]}
Kh8 {[%clk 00:14:56]} {[%emt 00:04:38]} 29. Bb5 {[%clk 00:38:16]} {[%emt
00:00:32]} Rd8 {[%clk 00:14:44]} {[%emt 00:00:23]} 30. Rec3 {[%clk 00:38:16]}
{[%emt 00:00:10]} gxh5 {[%clk 00:13:38]} {[%emt 00:01:16]} 31. Qf3 {[%clk
00:36:43]} {[%emt 00:01:42]} Ng6 {[%clk 00:13:32]} {[%emt 00:00:18]} 32. Rc7
{[%clk 00:36:31]} {[%emt 00:00:21]} Qh4+ {[%clk 00:13:25]} {[%emt 00:00:18]} 33.
Qh3 {[%clk 00:36:18]} {[%emt 00:00:22]} Qxh3+ {[%emt 00:00:20]} 34. gxh3 {[%clk
00:36:22]} {[%emt 00:00:02]} Rxf4 {[%clk 00:13:21]} {[%emt 00:00:08]} 35. a5
{[%clk 00:36:21]} {[%emt 00:00:11]} Nxe5 {[%clk 00:12:11]} {[%emt 00:01:20]} 36.
a6 {[%clk 00:36:23]} {[%emt 00:00:08]} Rf2 {[%clk 00:11:35]} {[%emt 00:00:46]}
37. Kg1 {[%clk 00:36:27]} {[%emt 00:00:06]} Rxb2 {[%clk 00:11:13]} {[%emt
00:00:31]} 38. Rc8 {[%clk 00:36:28]} {[%emt 00:00:09]} Rxc8 {[%clk 00:07:25]}
{[%emt 00:03:59]} 39. Rxc8+ {[%clk 00:36:30]} {[%emt 00:00:08]} Kg7 {[%clk
00:07:34]} 40. Rb8 {[%clk 00:35:23]} {[%emt 00:01:17]} Ra2 {[%clk 00:07:22]}
{[%emt 00:00:23]} 41. Be2 {[%clk 00:34:09]} {[%emt 00:01:24]} Rxe2 {[%clk
00:07:13]} {[%emt 00:00:18]} 42. a7 {[%clk 00:34:14]} {[%emt 00:00:04]} Ra2
{[%clk 00:07:19]} {[%emt 00:00:05]} 43. a8=Q {[%clk 00:34:18]} {[%emt
00:00:06]} Rxa8 {[%clk 00:07:25]} {[%emt 00:00:03]} 44. Rxa8 {[%clk 00:34:21]}
{[%emt 00:00:07]} b2 {[%clk 00:07:25]} {[%emt 00:00:10]} 45. Rb8 {[%clk
00:34:25]} {[%emt 00:00:06]} Nc4 {[%clk 00:07:30]} {[%emt 00:00:07]} 46. Kf2
{[%clk 00:34:31]} {[%emt 00:00:03]} Kf6 {[%clk 00:07:30]} {[%emt 00:00:10]} 47.
Kf3 {[%clk 00:34:36]} {[%emt 00:00:04]} Ke5 {[%clk 00:07:31]} {[%emt 00:00:09]}
48. Ke2 {[%clk 00:34:42]} {[%emt 00:00:04]} Kd4 {[%clk 00:07:33]} {[%emt
00:00:09]} 49. Rb3 {[%clk 00:34:40]} {[%emt 00:00:11]} f5 {[%clk 00:07:28]}
{[%emt 00:00:16]} 50. Kd1 {[%clk 00:34:45]} {[%emt 00:00:04]} f4 {[%clk
00:07:32]} {[%emt 00:00:07]} 51. Kc2 {[%clk 00:34:52]} {[%emt 00:00:02]} b1=Q+
{[%clk 00:07:29]} {[%emt 00:00:13]} 52. Kxb1 {[%clk 00:34:57]} {[%emt
00:00:06]} Nd2+ {[%clk 00:07:37]} {[%emt 00:00:02]} 53. Ka2 {[%clk 00:34:59]}
{[%emt 00:00:08]} Nxb3 {[%clk 00:07:45]} {[%emt 00:00:02]} 54. Ka3 {[%clk
00:34:45]} {[%emt 00:00:23]} f3 {[%clk 00:07:44]} {[%emt 00:00:12]} 55. h4
{[%clk 00:34:55]} f2 {[%clk 00:07:47]} {[%emt 00:00:07]} 56. Ka4 {[%clk
00:35:00]} {[%emt 00:00:04]} f1=Q {[%clk 00:07:50]} {[%emt 00:00:08]} 57. Ka3
{[%clk 00:35:07]} {[%emt 00:00:03]} Kc3 {[%clk 00:07:43]} {[%emt 00:00:17]} 58.
Ka4 {[%clk 00:35:13]} {[%emt 00:00:04]} Qa6# {[%emt 00:00:07]} 0-1

[Event "English Schools Championship Final 2024"]
[Site "Nottingham University Kings Meadow Campus, United Kingdom"]
[Date "2024.06.27"]
[Round "3.3"]
[White "Vyas, Alisha"]
[Black "Dupuis, Denis K"]
[Result "0-1"]
[TimeControl "G50' + 10\" per move."]
[WhiteFideId "461318"]
[BlackFideId "452980"]
[WhiteElo "1938"]
[BlackElo "2195"]

1. e4 {[%clk 00:50:16]} {[%emt 00:00:04]} e5 {[%clk 00:49:18]} {[%emt
00:01:01]} 2. Nf3 {[%clk 00:50:20]} {[%emt 00:00:07]} Nc6 {[%clk 00:46:46]}
{[%emt 00:02:42]} 3. Bb5 {[%clk 00:50:18]} {[%emt 00:00:11]} f5 {[%clk
00:46:50]} {[%emt 00:00:06]} 4. d3 {[%clk 00:50:08]} {[%emt 00:00:20]} fxe4
{[%clk 00:46:50]} {[%emt 00:00:11]} 5. dxe4 {[%clk 00:50:02]} {[%emt 00:00:16]}
Nf6 {[%clk 00:46:42]} {[%emt 00:00:17]} 6. O-O {[%clk 00:49:01]} {[%emt
00:01:12]} Bc5 {[%clk 00:46:24]} {[%emt 00:00:27]} 7. Nc3 {[%clk 00:47:17]}
{[%emt 00:01:54]} O-O {[%clk 00:46:15]} {[%emt 00:00:16]} 8. Bg5 {[%clk
00:46:12]} {[%emt 00:01:17]} d6 {[%clk 00:45:56]} {[%emt 00:00:31]} 9. Nd5
{[%clk 00:38:19]} {[%emt 00:08:03]} Be6 {[%clk 00:45:20]} {[%emt 00:00:44]} 10.
Nxf6+ {[%clk 00:36:22]} {[%emt 00:02:09]} gxf6 {[%clk 00:45:27]} {[%emt
00:00:02]} 11. Bh6 {[%clk 00:36:28]} {[%emt 00:00:04]} Re8 {[%clk 00:45:20]}
{[%emt 00:00:17]} 12. c3 {[%clk 00:35:44]} {[%emt 00:00:54]} Kh8 {[%clk
00:44:50]} {[%emt 00:00:41]} 13. Nh4 {[%clk 00:28:06]} {[%emt 00:07:48]} Rg8
{[%clk 00:43:40]} {[%emt 00:01:20]} 14. Qh5 {[%clk 00:27:52]} {[%emt 00:00:23]}
Qe8 {[%clk 00:39:43]} {[%emt 00:04:07]} 15. Qf3 {[%clk 00:24:44]} {[%emt
00:03:17]} Qf7 {[%clk 00:38:05]} {[%emt 00:01:49]} 16. h3 {[%clk 00:17:17]}
{[%emt 00:07:38]} Ne7 {[%emt 00:02:15]} 17. Be2 {[%clk 00:12:04]} {[%emt
00:05:21]} Ng6 {[%clk 00:32:15]} {[%emt 00:03:57]} 18. Nxg6+ {[%clk 00:06:52]}
{[%emt 00:05:22]} Rxg6 {[%clk 00:30:55]} {[%emt 00:01:29]} 19. Be3 {[%clk
00:05:57]} {[%emt 00:01:05]} Rag8 {[%clk 00:29:50]} {[%emt 00:01:15]} 20. Kh1
{[%clk 00:02:19]} {[%emt 00:03:48]} Rxg2 {[%clk 00:22:44]} {[%emt 00:07:17]} 21.
Bxc5 {[%clk 00:01:46]} {[%emt 00:00:43]} dxc5 {[%clk 00:21:13]} {[%emt
00:01:41]} 22. Rg1 {[%clk 00:01:40]} {[%emt 00:00:16]} Rxg1+ {[%clk 00:20:50]}
{[%emt 00:00:32]} 23. Rxg1 {[%clk 00:01:49]} {[%emt 00:00:02]} Rxg1+ {[%clk
00:20:46]} {[%emt 00:00:14]} 24. Kxg1 {[%clk 00:01:57]} {[%emt 00:00:02]} Bxa2
{[%clk 00:20:22]} {[%emt 00:00:34]} 25. Kh2 {[%clk 00:00:33]} {[%emt 00:01:34]}
Be6 {[%clk 00:20:09]} {[%emt 00:00:23]} 26. Qe3 {[%clk 00:00:18]} {[%emt
00:00:24]} b6 {[%clk 00:19:55]} {[%emt 00:00:26]} 27. Qh6 {[%clk 00:00:19]}
{[%emt 00:00:08]} Qg7 {[%clk 00:18:55]} {[%emt 00:01:08]} 28. Qd2 {[%clk
00:00:18]} {[%emt 00:00:09]} Qe7 {[%clk 00:18:32]} {[%emt 00:00:32]} 29. Qh6
{[%clk 00:00:16]} {[%emt 00:00:17]} c6 {[%clk 00:17:47]} {[%emt 00:00:55]} 30.
Qe3 {[%clk 00:00:15]} {[%emt 00:00:12]} b5 {[%clk 00:17:36]} {[%emt 00:00:19]}
31. Qh6 {[%clk 00:00:18]} {[%emt 00:00:07]} a5 {[%clk 00:17:21]} {[%emt
00:00:26]} 32. Qe3 {[%clk 00:00:17]} {[%emt 00:00:10]} Kg8 {[%clk 00:16:41]}
{[%emt 00:00:50]} 33. f4 {[%clk 00:00:16]} {[%emt 00:00:12]} exf4 {[%clk
00:15:52]} {[%emt 00:00:58]} 34. Qxf4 {[%clk 00:00:25]} Bf7 {[%clk 00:15:53]}
{[%emt 00:00:09]} 35. Qb8+ {[%clk 00:00:27]} {[%emt 00:00:09]} Kg7 {[%clk
00:15:26]} {[%emt 00:00:37]} 36. Qg3+ {[%clk 00:00:35]} {[%emt 00:00:02]} Bg6
{[%clk 00:15:28]} {[%emt 00:00:08]} 37. Kg1 {[%clk 00:00:22]} {[%emt 00:00:23]}
Qxe4 {[%clk 00:14:03]} {[%emt 00:01:35]} 38. Bf3 {[%clk 00:00:21]} {[%emt
00:00:10]} Qb1+ {[%clk 00:13:54]} {[%emt 00:00:15]} 39. Kg2 {[%clk 00:00:20]}
{[%emt 00:00:14]} Qxb2+ {[%clk 00:14:00]} {[%emt 00:00:05]} 40. Kg1 {[%clk
00:00:26]} Qc1+ {[%clk 00:13:56]} {[%emt 00:00:17]} 41. Kh2 {[%clk 00:00:23]}
{[%emt 00:00:14]} Qd2+ {[%clk 00:13:08]} {[%emt 00:00:56]} 42. Kh1 {[%clk
00:00:30]} {[%emt 00:00:05]} a4 {[%clk 00:12:47]} {[%emt 00:00:32]} 43. Qc7+
{[%clk 00:00:19]} {[%emt 00:00:20]} Bf7 {[%clk 00:12:31]} {[%emt 00:00:24]} 44.
Qxc6 {[%clk 00:00:14]} {[%emt 00:00:16]} a3 {[%clk 00:12:15]} {[%emt 00:00:26]}
45. Qxc5 {[%clk 00:00:15]} {[%emt 00:00:10]} Qe1+ {[%clk 00:11:13]} {[%emt
00:01:11]} 46. Kh2 {[%clk 00:00:12]} {[%emt 00:00:13]} a2 {[%clk 00:11:17]}
{[%emt 00:00:06]} 0-1

[Event "English Schools Championship Final 2024"]
[Site "Nottingham University Kings Meadow Campus, United Kingdom"]
[Date "2024.06.27"]
[Round "3.4"]
[White "Bharat Kumar, Balahari"]
[Black "Yu, Daniel"]
[Result "1-0"]
[TimeControl "G50' + 10\" per move."]
[WhiteFideId "496464"]
[BlackFideId "472077"]
[WhiteElo "2144"]
[BlackElo "2017"]

1. d4 {[%clk 00:48:52]} {[%emt 00:01:27]} d5 {[%clk 00:50:17]} {[%emt
00:00:04]} 2. c4 {[%clk 00:48:56]} {[%emt 00:00:05]} e6 {[%clk 00:50:25]}
{[%emt 00:00:02]} 3. Nc3 {[%clk 00:49:02]} {[%emt 00:00:04]} Nf6 {[%clk
00:50:32]} {[%emt 00:00:03]} 4. Bg5 {[%clk 00:49:01]} {[%emt 00:00:11]} Bb4
{[%clk 00:48:45]} {[%emt 00:01:56]} 5. Qa4+ {[%clk 00:48:45]} {[%emt 00:00:25]}
Nc6 {[%clk 00:48:50]} {[%emt 00:00:05]} 6. e3 {[%clk 00:39:42]} {[%emt
00:09:14]} Bd7 {[%clk 00:48:21]} {[%emt 00:00:38]} 7. Qc2 {[%clk 00:39:31]}
{[%emt 00:00:21]} h6 {[%clk 00:47:54]} {[%emt 00:00:38]} 8. Bh4 {[%clk
00:35:30]} {[%emt 00:04:11]} Rc8 {[%clk 00:44:35]} {[%emt 00:03:28]} 9. Rd1
{[%clk 00:32:54]} {[%emt 00:02:47]} dxc4 {[%clk 00:42:37]} {[%emt 00:02:09]} 10.
Bxc4 {[%clk 00:29:21]} {[%emt 00:03:43]} Na5 {[%clk 00:42:15]} {[%emt
00:00:31]} 11. Bd3 {[%clk 00:22:32]} {[%emt 00:07:00]} c5 {[%clk 00:40:39]}
{[%emt 00:01:45]} 12. a3 {[%clk 00:15:49]} {[%emt 00:06:53]} Bxc3+ {[%clk
00:40:10]} {[%emt 00:00:39]} 13. bxc3 {[%clk 00:15:21]} {[%emt 00:00:38]} cxd4
{[%clk 00:38:50]} {[%emt 00:01:30]} 14. exd4 {[%clk 00:15:21]} {[%emt
00:00:09]} Qe7 {[%clk 00:38:19]} {[%emt 00:00:41]} 15. Bxf6 {[%clk 00:11:49]}
{[%emt 00:03:43]} Qxf6 {[%clk 00:37:33]} {[%emt 00:00:56]} 16. Ne2 {[%clk
00:11:03]} {[%emt 00:00:56]} Bc6 {[%clk 00:36:35]} {[%emt 00:01:08]} 17. O-O
{[%clk 00:10:14]} {[%emt 00:00:59]} O-O {[%clk 00:36:37]} {[%emt 00:00:07]} 18.
Ng3 {[%clk 00:09:21]} {[%emt 00:01:04]} Rc7 {[%clk 00:35:54]} {[%emt 00:00:51]}
19. f4 {[%clk 00:06:29]} {[%emt 00:03:04]} g6 {[%clk 00:32:50]} {[%emt
00:03:14]} 20. f5 {[%clk 00:05:30]} {[%emt 00:01:10]} exf5 {[%clk 00:29:10]}
{[%emt 00:03:50]} 21. Nxf5 {[%clk 00:03:59]} {[%emt 00:01:41]} Qh8 {[%clk
00:21:05]} {[%emt 00:08:15]} 22. Ne3 {[%clk 00:02:24]} {[%emt 00:01:44]} b5
{[%clk 00:19:16]} {[%emt 00:01:59]} 23. Ng4 {[%clk 00:01:55]} {[%emt 00:00:39]}
Qg7 {[%clk 00:18:27]} {[%emt 00:00:58]} 24. Nf6+ {[%clk 00:01:50]} {[%emt
00:00:16]} Kh8 {[%clk 00:18:33]} {[%emt 00:00:04]} 25. d5 {[%clk 00:01:40]}
{[%emt 00:00:21]} Bd7 {[%clk 00:16:42]} {[%emt 00:02:01]} 26. Nxd7 {[%clk
00:01:13]} {[%emt 00:00:36]} Rxd7 {[%clk 00:16:47]} {[%emt 00:00:05]} 27. Bxb5
{[%clk 00:01:17]} {[%emt 00:00:07]} Rd6 {[%clk 00:16:29]} {[%emt 00:00:27]} 28.
c4 {[%clk 00:00:56]} {[%emt 00:00:30]} a6 {[%clk 00:07:05]} {[%emt 00:09:35]}
29. c5 {[%clk 00:01:01]} {[%emt 00:00:05]} Rf6 {[%clk 00:06:41]} {[%emt
00:00:35]} 30. Be2 {[%clk 00:00:24]} {[%emt 00:00:47]} Rc8 {[%clk 00:05:50]}
{[%emt 00:01:00]} 31. c6 {[%clk 00:00:19]} {[%emt 00:00:14]} Rxf1+ {[%clk
00:05:00]} {[%emt 00:01:01]} 32. Bxf1 {[%clk 00:00:28]} {[%emt 00:00:01]} Qe5
{[%clk 00:04:55]} {[%emt 00:00:15]} 33. Bxa6 {[%clk 00:00:20]} {[%emt
00:00:19]} Rc7 {[%clk 00:04:36]} {[%emt 00:00:28]} 34. Bf1 {[%clk 00:00:19]}
{[%emt 00:00:11]} Nb7 {[%clk 00:04:20]} {[%emt 00:00:26]} 35. Qe2 {[%clk
00:00:14]} {[%emt 00:00:16]} Qxe2 {[%clk 00:04:03]} {[%emt 00:00:27]} 36. Bxe2
{[%clk 00:00:23]} Nd6 {[%clk 00:04:09]} {[%emt 00:00:04]} 37. a4 {[%clk
00:00:23]} {[%emt 00:00:09]} Kg7 {[%clk 00:04:03]} {[%emt 00:00:16]} 38. a5
{[%clk 00:00:22]} {[%emt 00:00:11]} Kf6 {[%clk 00:03:50]} {[%emt 00:00:23]} 39.
a6 {[%clk 00:00:25]} {[%emt 00:00:07]} Ke5 {[%clk 00:03:17]} {[%emt 00:00:43]}
40. Bf3 {[%clk 00:00:20]} {[%emt 00:00:15]} Nc4 {[%clk 00:03:05]} {[%emt
00:00:22]} 41. Rb1 {[%clk 00:00:15]} {[%emt 00:00:15]} Ra7 {[%clk 00:02:37]}
{[%emt 00:00:37]} 42. Rb7 {[%clk 00:00:12]} {[%emt 00:00:14]} Rxa6 {[%clk
00:02:44]} {[%emt 00:00:03]} 43. Rxf7 {[%clk 00:00:13]} {[%emt 00:00:08]} Nd2
{[%clk 00:02:00]} {[%emt 00:00:54]} 44. c7 {[%clk 00:00:15]} {[%emt 00:00:09]}
Nxf3+ {[%clk 00:01:31]} {[%emt 00:00:39]} 45. Rxf3 {[%clk 00:00:14]} {[%emt
00:00:11]} Ra8 {[%clk 00:01:38]} {[%emt 00:00:03]} 46. Rg3 {[%clk 00:00:13]}
{[%emt 00:00:11]} g5 {[%clk 00:01:22]} {[%emt 00:00:26]} 47. Rc3 {[%clk
00:00:15]} {[%emt 00:00:08]} Rc8 {[%clk 00:01:27]} {[%emt 00:00:05]} 48. Kf2
{[%clk 00:00:18]} {[%emt 00:00:07]} Kxd5 {[%clk 00:01:34]} {[%emt 00:00:03]} 49.
Kg3 {[%clk 00:00:27]} {[%emt 00:00:01]} h5 {[%clk 00:01:37]} {[%emt 00:00:07]}
50. h4 {[%clk 00:00:17]} {[%emt 00:00:20]} gxh4+ {[%clk 00:01:01]} {[%emt
00:00:47]} 51. Kxh4 {[%clk 00:00:25]} {[%emt 00:00:01]} Kd6 {[%clk 00:00:57]}
{[%emt 00:00:14]} 52. Kxh5 {[%clk 00:00:30]} {[%emt 00:00:06]} Kd7 {[%clk
00:00:55]} {[%emt 00:00:11]} 53. Rd3+ {[%clk 00:00:29]} {[%emt 00:00:12]} Ke6
{[%clk 00:00:58]} {[%emt 00:00:06]} 54. Rc3 {[%clk 00:00:28]} {[%emt 00:00:11]}
Kd7 {[%clk 00:01:06]} {[%emt 00:00:01]} 55. g4 {[%clk 00:00:33]} {[%emt
00:00:05]} Rh8+ {[%clk 00:01:15]} {[%emt 00:00:02]} 56. Kg6 {[%clk 00:00:29]}
{[%emt 00:00:13]} Kc8 {[%clk 00:01:22]} {[%emt 00:00:04]} 57. g5 {[%clk
00:00:36]} {[%emt 00:00:03]} Rh2 {[%clk 00:01:22]} {[%emt 00:00:10]} 58. Kg7
{[%clk 00:00:39]} {[%emt 00:00:07]} Rg2 {[%clk 00:01:25]} {[%emt 00:00:07]} 59.
g6 {[%clk 00:00:45]} {[%emt 00:00:04]} Rg1 {[%clk 00:01:32]} {[%emt 00:00:03]}
60. Rc6 {[%clk 00:00:41]} {[%emt 00:00:14]} Re1 {[%clk 00:01:25]} {[%emt
00:00:16]} 61. Kf7 {[%clk 00:00:45]} {[%emt 00:00:07]} Rf1+ {[%clk 00:01:23]}
{[%emt 00:00:12]} 62. Rf6 {[%clk 00:00:46]} {[%emt 00:00:09]} Rd1 {[%clk
00:01:31]} {[%emt 00:00:02]} 63. g7 {[%clk 00:00:51]} {[%emt 00:00:05]} Rd7+
{[%clk 00:01:38]} {[%emt 00:00:03]} 64. Kg6 {[%clk 00:00:55]} {[%emt 00:00:06]}
Re7 {[%emt 00:00:14]} 1-0